000 00333nam a2200109Ia 4500
008 240731s9999 xx 000 0 und d
245 0 _aResearch Quarterly. American Association for Health, Physical Education and Recreation
260 _bRoutledge
856 _uhttps://www.tandfonline.com/loi/urqe17
942 _2ddc
942 _cTFEJ
999 _c79189
_d79189
945 _a1
_bMadushi Gamage
_c1
_dMadushi Gamage